000 00681nam a2200241Ia 4500
003 OSt
005 20221007103132.0
006 a|||||r|||| 00| 0
007 ta
008 221006b |||||||| |||| 00| 0 eng d
020 _a0761932453
024 _a12,332
037 _cTextual
040 _aLCO
_cLCO
_beng
041 _2eng
_aeng
082 _aY15:45.4437, P4
100 _aMathur K.
_9105020
245 0 _aCountering Gender Violence
_bInitiatives Towards Collective Action in Rajasthan
260 _aNew
_bDelhi Sage Publications India
_c2004
300 _a380
942 _hY15:45.4437, P4
_cTEXL
999 _c1181895
_d1181895